Normal view
MARC view
- Lembaga Penyelidikan Undang-Undang,
Entry Corporate Name
001 - CONTROL NUMBER
- control field: 8452
003 - CONTROL NUMBER IDENTIFIER
- control field: OSt
005 - DATE AND TIME OF LATEST TRANSACTION
- control field: 20170529092701.0
008 - FIXED-LENGTH DATA ELEMENTS
- fixed length control field: 170529|| aca||aabn | a|a d
040 ## - CATALOGING SOURCE
- Original cataloging agency: OSt
- Transcribing agency: OSt
110 ## - HEADING--CORPORATE NAME
- Corporate name or jurisdiction name as entry element: Lembaga Penyelidikan Undang-Undang,
- Relator term: editor of compilation.
670 ## - SOURCE DATA FOUND
- Source citation: Work cat.: (OSt)0: Malaysia, issuing body. 400, AKTA PERLINDUNGAN DATA PERIBADI 2010 (AKTA 709) =

PORTAL AKMAL
E-MEL JKDM
AKMAL2U
G-BAM
u-PUSTAKA